Tuyển tập Võ Quảng Tập 1

保存先:
書誌詳細
第一著者: Võ Quảng
フォーマット: 図書
言語:Vietnamese
出版事項: H. NXB. Văn học 1998
シリーズ:Văn học Việt Nam hiện đại
主題:
タグ: タグ追加
タグなし, このレコードへの初めてのタグを付けませんか!
Thư viện lưu trữ: Mạng thư viện Đại học Đà Nẵng
LEADER 00876nam a2200313 4500
001 000005486
003 1631
005 20110816140854.0
008 110816s1998 viesd
020 |c 28700 đ 
041 0 |a vie 
082 |a 895.9223  |b VOQ 
100 0 |a Võ Quảng 
245 1 0 |a Tuyển tập Võ Quảng  |c GS. Phong Lê tuyển chọn và viết lời bạt  |n Tập 1 
260 |a H.  |b NXB. Văn học  |c 1998 
300 |a 368 tr.  |c 19 cm 
490 |a Văn học Việt Nam hiện đại 
653 |a Văn học Việt Nam 
653 |a truyện ngắn 
773 |t Tuyển tập Võ Quảng  |w 1628 
910 |a Minh  |d 16/08/2011 
OWN |a LSP 
999 |a From the UDN01 
TYP |a Monograph 
TYP |a Printed language 
980 |a Mạng thư viện Đại học Đà Nẵng